000 00721nam a2200253Ia 4500
003 OSt
005 20221005081018.0
006 a|||||r|||| 00| 0
007 ta
008 221004b |||||||| |||| 00| 0 eng d
020 _a8170071739 (hbk)
024 _a121150
037 _bGift, 15/09/2012,
_cTextual
040 _aCRL
_cCRL
_beng
041 _2eng
_aeng
082 _aR6, L6
100 _aChattopadhyaya Debiprasad
245 0 _aWhat is living and what is dead in indian philosophy
260 _aNew Delhi
_bPeople's Pub India
_c1976
300 _a636p.
_ccm.
650 _aPHILOSOPHY
942 _hR6, L6
_cTEXL
_2cc
999 _c987019
_d987019